Materiály objedinennoj naučnoj sessii otdelenija literatury i jazyka Akademii nauk SSSR i Akademii pedagogičeskich nauk RSFSR, posviaščennnoj trudam J. V. Stalina po jazykoznaniju i voprosam prepodavanija jazykov v sovetskoj škole.

Bibliographic Details
Main Author: Ondrus, Pavel, 1919-1980 (Author)
Format: Article
Language:Slovak

MARC

LEADER 00000nab a2200000uu 4500
001 vtls011438816
003 SK-MaSNL
005 20260303151425.0
008 230222| xo |||||||||||||||||slo|
015 |a SNBRB 
035 |a (urnnbn)urn:nbn:sk:snk:ar-002u5l 
035 |a (uuid)bfb444ce-ed4c-4d70-97a7-2ef60097a19c 
035 |a urn:nbn:sk:snk-abcdnr 
040 |a SNKBUCL  |b slo  |c SNKBUCL  |e AACR2 
041 0 |a slo 
044 |a xo  |c SK 
100 1 |a Ondrus, Pavel,  |d 1919-1980  |4 aut  |9 192048 
245 1 0 |a Materiály objedinennoj naučnoj sessii otdelenija literatury i jazyka Akademii nauk SSSR i Akademii pedagogičeskich nauk RSFSR, posviaščennnoj trudam J. V. Stalina po jazykoznaniju i voprosam prepodavanija jazykov v sovetskoj škole.  |c Pavol Ondrus 
773 0 |t Slovenská reč : časopis pre výskum slovenského jazyka : orgán Jazykovedného ústavu Ľudovíta Štúra Slovenskej akadémie vied  |g Roč. 17, č. 7-8 (1951-1952), s. 238-241 
954 |a odborná, vedecká literatúra pôvodná (slovenská)  |2 lita 
958 |a OND 
958 |a EUIPO 
958 |a article16 
999 |c 2017592  |d 2019522